<The> Coming Information Age <an> Overview of Technology, Economics, and Politics
Gespeichert in:
| 1. Verfasser: | |
|---|---|
| Format: | Buch |
| Sprache: | Englisch |
| Veröffentlicht: |
New York
Longman
1989
|
| Ausgabe: | 3. ed. |
| Schriftenreihe: | Communications
|
| Schlagworte: | |
| Tags: |
Keine Tags, Fügen Sie das erste Tag hinzu!
|
MARC
| LEADER | 00000nam a2200000 4500 | ||
|---|---|---|---|
| 001 | c021495 | ||
| 005 | 20221206131226.5 | ||
| 020 | |a 0-8013-0305-2 | ||
| 041 | 0 | |a eng | |
| 044 | |a US | ||
| 245 | 1 | 0 | |a <The> Coming Information Age |b <an> Overview of Technology, Economics, and Politics |c Wilson P. Jr. Dizard |
| 250 | |a 3. ed. | ||
| 264 | 1 | |a New York |b Longman |c 1989 | |
| 300 | |a 250 s. | ||
| 490 | 1 | |a Communications | |
| 830 | 0 | |a Communications | |
| 610 | 2 | 0 | |a informácie |
| 610 | 2 | 0 | |a spoločnosť informačná |
| 610 | 2 | 0 | |a komunikácia |
| 610 | 2 | 0 | |a technológie informačné |
| 610 | 2 | 0 | |a technológie komunikačné |
| 610 | 2 | 0 | |a siete počítačové |
| 610 | 2 | 0 | |a USA |
| 100 | 1 | |a Dizard, Wilson P., Jr. | |